000 00587nam a2200229 i 4500
001 bgj
100 1 _aHILLARD, Gustav.
245 1 0 _aHerren und Narren der Welt /
_cGustav Hillard ; [hrsg. von Gerd Koenemann].
260 _aHamburg :
_bChristians,
_c1985
300 _a339, [1] s. ;
_c22 cm.
504 _aIndeks.
650 9 _aLiteratura niemiecka
700 1 _aKOENEMANN, Gerd.
020 _a3767209098
040 _cBPK
041 0 _ager
044 _aDEU
080 _a821.112.2
920 _a3-7672-0909-8
942 _cKS
008 s gw f |000 0 ger
999 _c50617
_d50617
856 _uhttp://koha.tu.koszalin.pl/cgi-bin/koha/opac-detail.pl?biblionumber=50617
_yKatalog online BPK